La Asociación Cultural “La Tribu Educa” en la recuperación del patrimonio histórico educativo (Record no. 188198)
[ view plain ]
| 000 -CABECERA | |
|---|---|
| campo de control de longitud fija | 01886nab a2200301 a 4500 |
| 005 - FECHA Y HORA DE LA ÚLTIMA TRANSACCIÓN | |
| campo de control | 20250319172829.0 |
| 008 - ELEMENTOS DE LONGITUD FIJA--INFORMACIÓN GENERAL | |
| campo de control de longitud fija | 991125c2016 sp fr p o 000 0 spa d |
| 035 ## - NÚMERO DE CONTROL DEL SISTEMA | |
| Número de control de sistema | UPN01000216098 |
| 040 ## - FUENTE DE LA CATALOGACIÓN | |
| Centro catalogador/agencia de origen | UPN |
| Lengua de catalogación | spa |
| Centro/agencia transcriptor | UPN |
| Normas de descripción | aacr2 |
| 049 ## - COLECCIÓN | |
| Colección | ART-E |
| 100 1# - ASIENTO PRINCIPAL--NOMBRE PERSONAL | |
| Nombre de persona | Capilla Serrano, Ana |
| 100 1# - ASIENTO PRINCIPAL--NOMBRE PERSONAL | |
| Nombre de persona | Ruiz Delgado, José Antonio |
| 245 13 - MENCIÓN DE TÍTULO | |
| Título | La Asociación Cultural “La Tribu Educa” en la recuperación del patrimonio histórico educativo |
| 506 0# - NOTA DE RESTRICCIONES AL ACCESO | |
| Limitaciones de acceso | Acceso abierto |
| 520 3# - NOTA DE RESUMEN, ETC. | |
| Sumario, etc. | Este trabajo quiere dar a conocer las acciones desarrolladas por la Asociación Cultural “La Tribu Educa” en pro de la recopilación, análisis y divulgación del patrimonio educativo de la provincia de Córdoba. Se inició en 2012 y hasta la fecha hemos recorrido un camino no exento de dificultades y esfuerzo, pero que comienza a dar sus frutos, de tal modo que parece cobrar vida propia y toma una inercia que deseamos no se detenga. Está dirigido hacia tres campos de la educación: los materiales educativos, los métodos y actividades y los propios docentes. Lo hemos denominado EDIPEC (Espacio Didáctico Interactivo del Patrimonio Educativo de Córdoba). Con sede propia, ya ha dado sus primeros pasos con el Proyecto “Maestros y Maestras de nuestras vidas” y camina hacia la obtención de la consideración de Museo con el compromiso de otros colectivos que reforzarían nuestra colección. |
| 650 #4 - ASIENTO SECUNDARIO DE MATERIA - TERMINO TEMATICO | |
| Término de materia o nombre geográfico como elemento de entrada | Maestros |
| 9 (RLIN) | 16336 |
| 650 #2 - ASIENTO SECUNDARIO DE MATERIA - TERMINO TEMATICO | |
| Término de materia o nombre geográfico como elemento de entrada | Escuelas |
| 9 (RLIN) | 6136 |
| 650 #4 - ASIENTO SECUNDARIO DE MATERIA - TERMINO TEMATICO | |
| Término de materia o nombre geográfico como elemento de entrada | Materiales didácticos |
| 9 (RLIN) | 7263 |
| 650 #4 - ASIENTO SECUNDARIO DE MATERIA - TERMINO TEMATICO | |
| Término de materia o nombre geográfico como elemento de entrada | Memoria colectiva |
| 9 (RLIN) | 50811 |
| 653 0# - TERMINO DE INDIZACION - NO CONTROLADO | |
| Término no controlado | Patrimonio histórico educativo |
| 653 0# - TERMINO DE INDIZACION - NO CONTROLADO | |
| Término no controlado | Vivencias |
| 773 ## - ENLACE AL DOCUMENTO FUENTE/ENTRADA DE REGISTRO ANFITRIÓN | |
| Parte(s) relacionada(s) | No. 16 (2016), p. 109-128 |
| Título | Cabás |
| Número Internacional Normalizado para Publicaciones Seriadas | 1989-5909 |
| 856 4# - LOCALIZACIÓN Y ACCESO ELECTRÓNICOS | |
| Identificador Uniforme del Recurso | <a href="https://ojs.ehu.eus/index.php/cabas/article/view/25491">https://ojs.ehu.eus/index.php/cabas/article/view/25491</a> |
| 856 4# - LOCALIZACIÓN Y ACCESO ELECTRÓNICOS | |
| Identificador Uniforme del Recurso | <a href="https://doi.org/10.35072/CABAS.2016.57.29.001">https://doi.org/10.35072/CABAS.2016.57.29.001</a> |
| 902 ## - ELEMENTOS DE DATOS B LOCAL, LDB (RLIN) | |
| Creó | Gloria Jiménez/1124 |
| 905 ## - TIPO DE MATERIAL | |
| Tipo de material | Articulo |
| 942 ## - ELEMENTOS DE PUNTO DE ACCESO ADICIONAL (KOHA) | |
| Tipo de ítem Koha | Artículo Electrónico |
| Estado de retiro | Estado de pérdida | Estado dañado | No para préstamo | Código de colección | Localización permanente | Ubicación/localización actual | Ubicación en estantería | Fecha de adquisición | Total de préstamos | Fecha visto por última vez | Identificador Uniforme del Recurso | Precio válido a partir de | Tipo de ítem Koha |
|---|---|---|---|---|---|---|---|---|---|---|---|---|---|
| Acceso abierto | Bib. Gregorio Torres Quintero | Bib. Gregorio Torres Quintero | En línea | 04/11/2024 | 04/11/2024 | https://doi.org/10.35072/CABAS.2016.57.29.001 | 04/11/2024 | Artículo Electrónico |
